Canzoni di Ghali - Statistics

Statistiche generali
  • Questo quiz è stato fatto 73 volte
    42 dall'ultimo reset
  • Il punteggio medio è 45 su 81
Statistiche sulle risposte
Album Anno Feat Risposta % Corretto
- 2018 - Cara Italia
83%
Album 2017 - Habibi
83%
- 2023 - Casa Mia
79%
Lunga Vita a Sto 2017 - Marijuana
79%
Album 2017 - Ninna Nanna
79%
Lunga Vita a Sto 2017 - Dende
76%
Album 2017 - Happy Days
76%
Sensazione ultra 2022 Madame PARE
76%
DNA 2020 Thasup Marymango
72%
- 2024 - Paprika
72%
Album 2017 - Pizza Kebab
72%
Lunga Vita a Sto 2017 - Wily Wily
72%
DNA 2020 - 22:22
69%
DNA 2020 - Barcellona
69%
Album 2017 - Milano
69%
PIZZA KEBAB Vol. 1 2023 Tony Effe, Pyrex, Side Baby Paura E Delirio A Milano
69%
DNA 2020 - Good Times
66%
DNA 2020 Scoolking Jennifer
66%
Lunga Vita a Sto 2017 - Mamma
66%
2024 - Niente Panico
66%
PIZZA KEBAB Vol. 1 2023 - Sto
66%
PIZZA KEBAB Vol. 1 2023 Astro Celine
62%
Lunga Vita a Sto 2017 - Come Milano
62%
- 2021 - WALLAH
62%
Sensazione ultra 2022 - WALLAH
62%
DNA 2020 - 1993
59%
DNA 2020 - DNA
59%
Sensazione ultra 2022 Marracash FREE SOLO
59%
Lunga Vita a Sto 2017 - Lunga Vita a Sto
59%
PIZZA KEBAB Vol. 1 2023 Simba La Rue Machiavelli
59%
DNA 2020 Taxi B MILF
59%
DNA 2020 Salmo Boogieman
55%
- 2025 - Chill
55%
Album 2017 - Lacrime
55%
Album 2017 - Libertè
55%
DNA 2020 - Mille Pare(Bad Times)
55%
Lunga Vita a Sto 2017 Izi Non Lo So
55%
Album 2017 - Ricchi Dentro
55%
PIZZA KEBAB Vol. 1 2023 Geolier Tanti Soldi
55%
Sensazione ultra 2022 - BAYNA
52%
DNA 2020 Pyrex Cacao
52%
Lunga Vita a Sto 2017 - Cazzo Mene
52%
DNA 2020 - Fast Food
52%
Sensazione ultra 2022 - FORTUNA
52%
- 2019 - Hasta la vista
52%
- 2020 ANNA Hasta la vista - Remix
52%
Sensazione ultra 2022 - SENSAZIONE ULTRA
52%
- 2019 - Turbococco
52%
- 2018 Sick Luke Zingarello
52%
Album 2017 - Boulevard
48%
PIZZA KEBAB Vol. 1 2023 Soolking Buonasera
48%
DNA 2020 Mr Eazi Combo
48%
Sensazione ultra 2022 Baby Gang DRARI
48%
DNA 2020 - Giù x Terra
48%
- 2019 - I Love You
48%
Lunga Vita a Sto 2017 - Optional
48%
Sensazione ultra 2022 - WALO
48%
- 2021 LIBERATO, J Lord Chiagne Ancora
45%
PIZZA KEBAB Vol. 1 2023 - Coco
45%
DNA 2020 - Flashback
45%
Album 2017 - Oggi No
45%
Album 2017 - Ora d'Aria
45%
PIZZA KEBAB Vol. 1 2023 - Peccati
45%
Sensazione ultra 2022 Astro PETER PARKER
45%
Lunga Vita a Sto 2017 - Sempre Me
45%
PIZZA KEBAB Vol. 1 2023 - Senza Pietà
45%
Lunga Vita a Sto 2017 - Vai Tra
45%
Album 2017 - Vida
45%
PIZZA KEBAB Vol. 1 2023 - Zuppa Di Succo Di Mucca
45%
Sensazione ultra 2022 - BRAVO
41%
DNA 2020 - Extasy
41%
DNA 2020 - Fallito
41%
Sensazione ultra 2022 Axell MOON RAGE
41%
PIZZA KEBAB Vol. 1 2023 Draganov Safi Safi
41%
Lunga Vita a Sto 2017 - Voci
41%
Sensazione ultra 2022 - CRAZY
38%
PIZZA KEBAB Vol. 1 2023 - Dimmi La Verità
38%
PIZZA KEBAB Vol. 1 2023 Luchè Sotto Controllo
38%
DNA 2020 - Cuore a Destra
34%
DNA 2020 - Scooby
34%
PIZZA KEBAB Vol. 1 2023 - RR 2:30 am(Skit)
24%
Nessun quiz corrispondente trovato
Distribuzione punteggi
Percentuale di utenti per punteggio
Percentile per numero di risposta
I tuoi punteggi nel tempo
Non hai fatto questo quiz dall'ultimo reset